| 000 | 00613nam a22002177a 4500 | ||
|---|---|---|---|
| 005 | 20170124110247.0 | ||
| 010 | _aA-286432 | ||
| 020 | _c00.00 | ||
| 035 | _aA-286432 | ||
| 037 | _bCen Lib/Ret | ||
| 040 |
_aDPL _bEN |
||
| 082 |
_a378.3 _bCAR |
||
| 110 |
_aNew Delhi.Vision Books _997784 |
||
| 245 | _aCaring's guide to foreign scholarships / | ||
| 260 |
_bVision Books _aNew Delhi |
||
| 270 |
_a36C, Connaught Place _bNew Delhi _e110001 |
||
| 300 |
_avii,172p. _c20cm(Hb) |
||
| 650 |
_aScholarships -- Canada _997785 |
||
| 650 |
_aCareer guide _997786 |
||
| 942 |
_2ddc _cEN _h378.3 _mCAR |
||
| 999 |
_c135599 _d135599 |
||